Vietnam tourist guidebook /

Tourist informations in Vietnam; Vietnamese country, custom, culture and person.

保存先:
書誌詳細
その他の著者: Belmonte, Patric (translated.), Marie-Eve-Therien (translated.)
フォーマット: 図書
言語:English
Vietnamese
出版事項: Hà Nội : Vietnam national Administration of tourism, 2000.
主題:
タグ: タグ追加
タグなし, このレコードへの初めてのタグを付けませんか!
Thư viện lưu trữ: Mạng thư viện Đại học Đà Nẵng
LEADER 01023cam a2200337 i 4500
001 000042174
003 47
005 20041027140534.0
008 010217b2000 vm 000 eng
020 |c 60000 
040 |a IRC  |c IRC  |d IRC 
041 1 |a eng  |h vie 
082 1 4 |a 915.9704  |b Vi-N 
245 0 0 |a Vietnam tourist guidebook /  |c Editor in chief: Vu The Binh ; Translation: Patric Belmonte, Marie-Eve-Therien.. 
260 |a Hà Nội :  |b Vietnam national Administration of tourism,  |c 2000. 
300 |a 480 p. ;  |c 19 cm. 
520 3 |a Tourist informations in Vietnam; Vietnamese country, custom, culture and person. 
630 0 4 |a Tourist. 
650 0 4 |a Tourist  |z Vietnam  |v Guidebook. 
700 1 |a Belmonte, Patric,  |e translated. 
700 1 |a Marie-Eve-Therien,  |e translated. 
OWN |a DUT 
999 |a From the UDN01 
TYP |a Monograph 
TYP |a Printed language 
980 |a Mạng thư viện Đại học Đà Nẵng